Male Names of Greek Origin - Statistics

General Stats
  • This quiz has been taken 82 times
  • The average score is 5 of 18
Answers on the Grid
Answers color-coded by a green-red scale on the quiz's grid according to % correct below.
Abraham
Achilles
Albert
Alexander
Andrew
Anthony
Benjamin
Charles
Christopher
Daniel
David
Dennis
Donald
George
Edward
Elijah
Eric
Eugene
Frederick
Gabriel
Harold
Hector
Henry
Homer
Isaac
Jacob
Jason
Jeffrey
John
Joseph
Joshua
Julius
Kenneth
Lawrence
Louis
Lucas
Mark
Matthew
Michael
Muhammad
Nathan
Nicholas
Noah
Omar
Patrick
Paul
Peter
Philip
Richard
Robert
Ronald
Samuel
Sebastian
Simon
Steven
Theodore
Timothy
Vladimir
William
Zachary
 
Answer Stats
Answer % Correct
Achilles
90%
Alexander
72%
Andrew
36%
Homer
34%
Christopher
30%
Hector
30%
George
26%
Theodore
26%
Eugene
20%
Jason
20%
Nicholas
20%
Philip
18%
Peter
12%
Lucas
8%
Sebastian
8%
Timothy
8%
Dennis
6%
Steven
6%
No matching quizzes found
Score Distribution
Percent of People with Each Score
Percentile by Number Answered
Your Score History
You have not taken this quiz